01058nam a2200241 a 450000100100000000500170001000800410002702000150006804000250008310000330010824501300014126000720027130000330034349000340037650400330041050400730044370000340051670000430055071000600059383000410065395201050069499900170079900004116420201002034654.0130920s1991 sp 000 0 spa d a8400071158 aDO-SdBNPbspacBNPHU1 aPardo Tomás, José96772013aCiencia y censura :bla inquisición española y los libros científicos en los siglos XVI y XVII /cJosé Pardo Tomás. aMadrid :bConsejo Superior de Investigaciones Científicas,c1991. aXXIV, 390 p :bil. ;c22 cm.1 aEstudios sobre la cienciav13 aBibliografía : p. 385- 390 aIncluye referencias bibliográficas y notas al pie de las páginas1 aMontiel Llorente, Luis9677151 aLaín Entralgo, Pedro,epról.930592 aConsejo Superior de Investigaciones Científicas94786 0aEstudios sobre la cienciav13938739 001050718MOaGRbGRcCTd2013-09-20iLF1l0o p41164-10r2020-06-25w2020-06-25y1ZNo se presta c40654d40654